<?xml version="1.0" encoding="UTF-8"?>
<record
    xmlns:xsi="http://www.w3.org/2001/XMLSchema-instance"
    xsi:schemaLocation="http://www.loc.gov/MARC21/slim http://www.loc.gov/standards/marcxml/schema/MARC21slim.xsd"
    xmlns="http://www.loc.gov/MARC21/slim">

  <leader>02483cam a2200433M  4500</leader>
  <controlfield tag="003">PE-LiUPU</controlfield>
  <controlfield tag="005">20250731183342.0</controlfield>
  <controlfield tag="008">160505s2008    sp a          001 0 spa d</controlfield>
  <datafield tag="020" ind1=" " ind2=" ">
    <subfield code="a">8430572775</subfield>
  </datafield>
  <datafield tag="020" ind1=" " ind2=" ">
    <subfield code="a">9788430572779</subfield>
  </datafield>
  <datafield tag="029" ind1="0" ind2=" ">
    <subfield code="a">BNM</subfield>
    <subfield code="b">a4450285</subfield>
  </datafield>
  <datafield tag="035" ind1=" " ind2=" ">
    <subfield code="a">(Sirsi) i9788430572779</subfield>
  </datafield>
  <datafield tag="040" ind1=" " ind2=" ">
    <subfield code="a">PE-LiUPU</subfield>
    <subfield code="b">spa</subfield>
    <subfield code="c">PE-LiUPU</subfield>
    <subfield code="e">rda</subfield>
  </datafield>
  <datafield tag="041" ind1="1" ind2=" ">
    <subfield code="a">spa</subfield>
    <subfield code="h">ita</subfield>
  </datafield>
  <datafield tag="049" ind1=" " ind2=" ">
    <subfield code="a">PRUA</subfield>
  </datafield>
  <datafield tag="082" ind1="0" ind2="4">
    <subfield code="a">743.49</subfield>
    <subfield code="b">A86</subfield>
    <subfield code="2">20</subfield>
  </datafield>
  <datafield tag="100" ind1="1" ind2=" ">
    <subfield code="a">Laurenza, Domenico,</subfield>
    <subfield code="e">autor.</subfield>
  </datafield>
  <datafield tag="130" ind1="0" ind2=" ">
    <subfield code="a">Leonardo</subfield>
    <subfield code="l">Espa&#xF1;ol.</subfield>
  </datafield>
  <datafield tag="245" ind1="1" ind2="0">
    <subfield code="a">Leonardo :</subfield>
    <subfield code="b">anatom&#xED;a, el vuelo y las m&#xE1;quinas /</subfield>
    <subfield code="c">Direcci&#xF3;n editorial: Isabel Ortiz; Coordinaci&#xF3;n: Myriam Sayalero; Traducci&#xF3;n: Cristina Garc&#xED;a R&#xED;os y Magdalena Olmedo; Textos: Marco Cianchi, Domenico Laurenza y Carlo Pedretti</subfield>
  </datafield>
  <datafield tag="264" ind1=" " ind2=" ">
    <subfield code="a">Madrid :</subfield>
    <subfield code="b">Susaeta,</subfield>
    <subfield code="c">[2008]</subfield>
  </datafield>
  <datafield tag="300" ind1=" " ind2=" ">
    <subfield code="a">252 p&#xE1;ginas :</subfield>
    <subfield code="b">ilustraciones ;</subfield>
    <subfield code="c">27 cent&#xED;metros.</subfield>
  </datafield>
  <datafield tag="504" ind1=" " ind2=" ">
    <subfield code="a">&#xCD;ndices : 247-252.</subfield>
  </datafield>
  <datafield tag="505" ind1=" " ind2=" ">
    <subfield code="a">Anatom&#xED;a e ilustraci&#xF3;n -- El ojo y el cerebro -- El esqueleto y los huesos -- Los m&#xFA;sculos y los nervios -- El coraz&#xF3;n y las venas -- Los aparatos respiratorio -- nutritivo y digestivo -- Los &#xF3;rganos genitales y la reproducci&#xF3;n -- Estudios de cr&#xE1;neo y cerebro -- Estudios de la garganta y las piernas,  esqueleto del tronco y las piernas -- Los m&#xFA;sculos de la espalda, del hombro, del brazo, de la mano y el rostro -- La copulaci&#xF3;n, los &#xF3;rganos en la mujer, los genitales femeninos y el feto en el &#xFA;tero -- El origen de una idea -- Diagrama de fuerzas -- La naturaleza en primer plano -- La primacia de la teor&#xED;a -- La verdadera ciencia -- Homo faber -- Del espect&#xE1;culo a la industria -- "Que no se pierda la invenci&#xF3;n" -- Cronolog&#xED;a e &#xED;ndice.</subfield>
  </datafield>
  <datafield tag="526" ind1=" " ind2=" ">
    <subfield code="a">P158</subfield>
  </datafield>
  <datafield tag="526" ind1=" " ind2=" ">
    <subfield code="a">P146</subfield>
  </datafield>
  <datafield tag="526" ind1=" " ind2=" ">
    <subfield code="a">P17</subfield>
  </datafield>
  <datafield tag="526" ind1=" " ind2=" ">
    <subfield code="a">P12</subfield>
  </datafield>
  <datafield tag="526" ind1=" " ind2=" ">
    <subfield code="a">P06</subfield>
  </datafield>
  <datafield tag="600" ind1="1" ind2="7">
    <subfield code="a">Leonardo da Vinci</subfield>
    <subfield code="d">1452-1519</subfield>
    <subfield code="x">Conocimientos</subfield>
    <subfield code="x">Aeron&#xE1;utica.</subfield>
  </datafield>
  <datafield tag="600" ind1="1" ind2="7">
    <subfield code="a">Leonardo da Vinci</subfield>
    <subfield code="d">1452-1519</subfield>
    <subfield code="x">Conocimientos</subfield>
    <subfield code="x">Anatom&#xED;a.</subfield>
  </datafield>
  <datafield tag="600" ind1="1" ind2="7">
    <subfield code="a">Leonardo da Vinci</subfield>
    <subfield code="d">1452-1519</subfield>
    <subfield code="x">Conocimientos</subfield>
    <subfield code="x">Anatom&#xED;a.</subfield>
  </datafield>
  <datafield tag="600" ind1="1" ind2="7">
    <subfield code="a">Leonardo da Vinci</subfield>
    <subfield code="d">1452-1519</subfield>
    <subfield code="x">Conocimientos</subfield>
    <subfield code="x">Ingenier&#xED;a.</subfield>
  </datafield>
  <datafield tag="700" ind1="0" ind2=" ">
    <subfield code="a">Leonardo da Vinci</subfield>
    <subfield code="d">1452-1519,</subfield>
    <subfield code="e">autor.</subfield>
    <subfield code="9">4889</subfield>
  </datafield>
  <datafield tag="700" ind1="1" ind2=" ">
    <subfield code="a">Cianchi, Marco,</subfield>
    <subfield code="e">autor.</subfield>
  </datafield>
  <datafield tag="942" ind1=" " ind2=" ">
    <subfield code="2">ddc</subfield>
    <subfield code="c">BOOK</subfield>
  </datafield>
  <datafield tag="949" ind1=" " ind2=" ">
    <subfield code="a">743.49 A86</subfield>
    <subfield code="w">DEWEY</subfield>
    <subfield code="c">1</subfield>
    <subfield code="i">72939</subfield>
    <subfield code="d">2016-9-19</subfield>
    <subfield code="e">2016-9-16</subfield>
    <subfield code="l">CCODEBUL1</subfield>
    <subfield code="m">BUL</subfield>
    <subfield code="n">2</subfield>
    <subfield code="r">0</subfield>
    <subfield code="s">Y</subfield>
    <subfield code="t">BOOK</subfield>
    <subfield code="u">2016-5-5</subfield>
    <subfield code="x">INGENIERIA</subfield>
    <subfield code="0">COMPRA</subfield>
    <subfield code="o">.STAFF. Colecci&#xF3;n General</subfield>
  </datafield>
  <datafield tag="999" ind1=" " ind2=" ">
    <subfield code="c">9268</subfield>
    <subfield code="d">9268</subfield>
  </datafield>
  <datafield tag="980" ind1=" " ind2=" ">
    <subfield code="8">1</subfield>
    <subfield code="g">ALBERTO SANCHEZ Responsable de Automatizaci&#xF3;n</subfield>
  </datafield>
  <datafield tag="952" ind1=" " ind2=" ">
    <subfield code="r">2025-12-03 00:00:00</subfield>
    <subfield code="i">8</subfield>
    <subfield code="l">6</subfield>
    <subfield code="o">743.49 A86</subfield>
    <subfield code="p">72939</subfield>
    <subfield code="s">2024-09-19</subfield>
    <subfield code="t">e1</subfield>
    <subfield code="w">2016-05-05</subfield>
    <subfield code="x">FIA</subfield>
    <subfield code="y">BK</subfield>
    <subfield code="z">inventario-2023-12-13</subfield>
    <subfield code="1">0</subfield>
    <subfield code="2">ddc</subfield>
    <subfield code="5">0</subfield>
    <subfield code="7">0</subfield>
    <subfield code="8">GEN</subfield>
    <subfield code="f">P06</subfield>
    <subfield code="a">BUL</subfield>
    <subfield code="b">BUL</subfield>
    <subfield code="c">GEN</subfield>
    <subfield code="d">2016-05-05</subfield>
    <subfield code="e">COMPRA</subfield>
  </datafield>
</record>
